Statistics for Countries That Have Beaten Argentina At FIFA World Cup

Click here to take the quiz!

General Stats

  • This quiz has been taken 38 times
  • The average score is 21 of 25

Answer Stats

YearScoresCountry% Correct
19741 - 2Brazil
100%
19821 - 3Brazil
100%
20183 - 4France
100%
19900 - 1Germany
97%
19581 - 3Germany
97%
20140 - 1Germany
97%
20100 - 4Germany
97%
2006(2) - (4)Germany
97%
19780 - 1Italy
94%
19821 - 2Italy
94%
19621 - 3England
91%
19660 - 1England
91%
20020 - 1England
91%
19302 - 4Uruguay
88%
19740 - 4Netherlands
84%
19981 - 2Netherlands
84%
19742 - 3Poland
81%
20221 - 2Saudi Arabia
81%
19820 - 1Belgium
78%
20180 - 3Croatia
78%
19342 - 3Sweden
72%
19581 - 6Czechoslovakia
66%
19942 - 3Romania
63%
19940 - 2Bulgaria
53%
19900 - 1Cameroon
34%

Score Distribution

Percentile by Number Answered

Percent of People with Each Score

Your Score History

You have not taken this quiz